000 00586nam a22001937a 4500
005 20251108164935.0
008 250721s1989 xx 000 0 ara d
082 1 4 _a811.1009/جبو
100 1 _aالجبوري، يحيى
245 1 0 _aالملابس العربية في الشعر الجاهلي /
264 1 _aبيروت :
_bدار الغرب الإسلامي،
_c1989.
300 _a452ص
650 1 7 _aالملابس
650 1 7 _aالشعر العربي
650 1 7 _aالعصر الجاهلي
650 1 7 _aالنقد الأدبي
942 _2ddc
_cBK
999 _c17946
_d17946